| 000 | 01870nam a2200301 a 4500 | ||
|---|---|---|---|
| 001 | BRCA_2581 | ||
| 005 | 20190320203856.0 | ||
| 008 | 271108s1876----sp-#---###---#000-0dspa-u | ||
| 041 | _aspa | ||
| 044 | _asp | ||
| 084 |
_a175 _b.R64 _c1876 |
||
| 100 | 1 |
_aCervantes Saavedra, Miguel de _d1547-1616 _9213 |
|
| 245 | 1 | 0 |
_aEl Ingenioso Hidalgo D. Quijote de la Mancha _ccompuesto por Miguel de Cervantes Saavedra. |
| 260 |
_aCádiz _bJosé Rodríguez y Rodríguez _c1876 |
||
| 300 |
_a3 v. _c21 cm. _e1 mapa |
||
| 500 | _aContenido : v 1. Vida de Miguel de Cervantes S. por Ramón León Mainez. Primera parte. Principios de la edición príncipe. Advertencia de Mainez. Dedicatoria del autor. Prólogo de autor. Versos preliminares. Comentarios, notas y apéndices. Mapa del campo de Montiel en 1575. -- v 2. Notas y apéndices. Texto. -- v 4. Segunda parte del Ingenioso Caballero D. Quijote de la Mancha. Principios de la edición príncipe. Dedicatoria del autor. Prólogo del autor. Apéndices. Texto. -- v 3. Apéndices. Texto | ||
| 500 | _aDirigido al Duque de Béjar. Impreso por primera vez en Madrid por Juan de la Cuesta el año de 1605, y ahora de nuevo publicado por vez primera en Cádiz por José Rodríguez y Rodríguez, bajo la dirección de Ramón León Mainez, director de la Crónica de los Cervantistas | ||
| 500 | _aEjemplar igual al LO-174. Semipiel; lomeras decoradas con adornos dorados Lúdovik Osterc | ||
| 500 | _aQM168 | ||
| 650 | 1 | 4 |
_aNovela española _yÉpoca clásica, 1500-1700 _9215 |
| 650 | 1 | 4 |
_aLiteratura española _yÉpoca clásica, 1500-1700 _9216 |
| 650 | 1 | 4 |
_aNovela española _ySiglo XVII _9217 |
| 650 | 1 | 4 |
_aDon Quijote (Personaje ficticio) _eNovela _9218 |
| 700 | 1 |
_aMáinez Fernández, Ramón León _d1847-1917 _eBiógrafo _97374 |
|
| 740 | 0 | _aEl Ingenioso Hidalgo Don Quijote de la Mancha | |
| 902 | _aQFM | ||
| 942 |
_2lcc _cB |
||
| 999 |
_c2321 _d2321 |
||